000 00416nam a2200157 i 4500
001 76839
003 ES-MaACL
005 20230906173000.0
007 t|
008 041005s1971 sp ||||1| spa d
100 1 _aGuido, Beatriz.
_960657
245 1 0 _aFin de fiesta
_b: novela /
_cBeatriz Guido.
260 _aBarcelona :
_bPlaneta,
_c[1971]
300 _a315 p. ;
_c20 cm.
852 _aES-MaACL
_jC-39297
_bR.76930
999 _c76839
_d76839